[Event "Bayern-chI Bank Hofmann 26th"]
[Site "Tegernsee"]
[Date "2023.11.01"]
[Round "5"]
[White "Bilandzic, Ante"]
[Black "Kraemer, Stefan"]
[Result "1/2-1/2"]
[WhiteElo "1840"]
[BlackElo "2105"]
[PlyCount "81"]
[EventDate "2023.10.28"]
[EventType "swiss"]
[EventRounds "9"]
[EventCountry "GER"]
[SourceTitle "Mega2024 Update 01"]
[Source "Chessbase"]
[SourceDate "2023.11.12"]
[SourceVersion "1"]
[SourceVersionDate "2023.11.12"]
[SourceQuality "1"]

1. d4 e6 2. Nf3 Nf6 3. Bf4 d5 4. Nbd2 c5 5. c3 Nc6 6. e3 Nh5 7. Bg3 Nxg3 8. hxg3 Bd6 9. Bd3 g6 10. Qe2 0-0 11. 0-0-0 e5 12. dxe5 Nxe5 13. Nxe5 Bxe5 14. Rxh7 Kxh7 15. Qh5+ Kg7 16. Qxe5+ Qf6 17. Qc7 c4 18. Bc2 b5 19. e4 Be6 20. e5 Qd8 21. Qc5 Rb8 22. Ne4 Rh8 23. Nf6 Qb6 24. Qxb6 Rxb6 25. Nxd5 Bxd5 26. Rxd5 Rh2 27. Be4 Rh1+ 28. Kd2 f6 29. exf6+ Rxf6 30. f4 a6 31. Rd7+ Kf8 32. Rd4 Rf1 33. a4 Rf2+ 34. Kc1 Re6 35. axb5 axb5 36. Kb1 Rf1+ 37. Kc2 Rf2+ 38. Kb1 Ke7 39. Kc1 Rf1+ 40. Kc2 Rf2+ 41. Kb1 1/2-1/2